| 000 | 01267nam a2200265 a 4500 | ||
|---|---|---|---|
| 001 | 000036685 | ||
| 003 | DO-4SdBNP | ||
| 005 | 20241011134415.0 | ||
| 008 | 120125s1980 ja a 000 0 eng d | ||
| 020 | _a0839141254 | ||
| 040 |
_aDO-SdBNP _bspa _cBNPHU |
||
| 082 | 4 |
_axxx _bR129e _222 |
|
| 245 | 0 | 0 |
_aRadiation effects on aquatic organisms / _cedited by Nobuo Egami. |
| 260 |
_aTokyo : _bJapan Scientific Societies Press ; _aBaltimore : _bUniversity Park Press, _c1980. |
||
| 300 |
_axiv, 292 p. : _bil. ; _c24 cm. |
||
| 500 | _aTrabajos presentados en International Symposium on Radiation Effects on Aquatic Organisms, May 11-12, 1979, Zushi, Japan. | ||
| 500 | _aIncluye índice | ||
| 650 | 4 |
_aPeces _xEfectos de la radiación _962966 _vCongresos, conferencias, etc. |
|
| 650 | 4 |
_aOrganismos acuáticos _xEfectos de la radiación _962967 _yCongresos, conferencias, etc. |
|
| 650 | 4 |
_aPeces _xEfectos de la contaminación del agua _xCongresos, conferencias, etc. _962968 |
|
| 650 | 4 |
_aOrganismos acuáticos _xEfectos de la contaminación del agua _xCongresos, conferencias, etc. _962969 |
|
| 700 | 1 |
_aEgami, Nobuo, _d1925- _962970 |
|
| 711 | 2 |
_aa International Symposium on Radiation Effects on Aquatic Organisms _d(1979 : _cZushi-shi, Japan) _962971 |
|
| 942 |
_2ddc _cLBS1 |
||
| 999 |
_c36176 _d36176 |
||